MARC details
| 000 -LEADER |
| fixed length control field |
01261nam a2200301 i 4500 |
| 001 - CONTROL NUMBER |
| control field |
200462417 |
| 003 - CONTROL NUMBER IDENTIFIER |
| control field |
TR-AnTOB |
| 005 - DATE AND TIME OF LATEST TRANSACTION |
| control field |
20240909091827.0 |
| 008 - FIXED-LENGTH DATA ELEMENTS--GENERAL INFORMATION |
| fixed length control field |
240909s2021 tu a|||| |||| 00| 0 tur d |
| 020 ## - INTERNATIONAL STANDARD BOOK NUMBER |
| International Standard Book Number |
9785020404854 |
| 040 ## - CATALOGING SOURCE |
| Original cataloging agency |
TR-AnTOB |
| Language of cataloging |
eng |
| Description conventions |
rda |
| Transcribing agency |
TR-AnTOB |
| 041 0# - LANGUAGE CODE |
| Language code of text/sound track or separate title |
Rusça |
| 050 14 - LIBRARY OF CONGRESS CALL NUMBER |
| Classification number |
DS206.5 |
| Item number |
.P47 2021 |
| 090 ## - LOCALLY ASSIGNED LC-TYPE CALL NUMBER (OCLC); LOCAL CALL NUMBER (RLIN) |
| Classification number (OCLC) (R) ; Classification number, CALL (RLIN) (NR) |
DS206.5 |
| Local cutter number (OCLC) ; Book number/undivided call number, CALL (RLIN) |
.P47 2021 |
| 245 00 - TITLE STATEMENT |
| Title |
Persidskie diplomaticheskie dokumenty vremen Shakha Safi I : |
| Remainder of title |
iz sobraniia Rossiiskogo gosudarstvennogo arkhiva drevnikh aktov / |
| Statement of responsibility, etc. |
izdanie podgotovili A. A. Andreev... [and seven others]. |
| 246 30 - VARYING FORM OF TITLE |
| Title proper/short title |
Персидские дипломатические документы времен шаха Сефи I. |
| 264 #1 - PRODUCTION, PUBLICATION, DISTRIBUTION, MANUFACTURE, AND COPYRIGHT NOTICE |
| Place of production, publication, distribution, manufacture |
Sankt-Peterburg : |
| Name of producer, publisher, distributor, manufacturer |
Nauka, |
| Date of production, publication, distribution, manufacture, or copyright notice |
2021. |
| 300 ## - PHYSICAL DESCRIPTION |
| Extent |
303 pages ; |
| Dimensions |
24 cm |
| 336 ## - CONTENT TYPE |
| Content type term |
text |
| Content type code |
txt |
| Source |
rdacontent |
| 337 ## - MEDIA TYPE |
| Media type term |
unmediated |
| Media type code |
n |
| Source |
rdamedia |
| 338 ## - CARRIER TYPE |
| Carrier type term |
volume |
| Carrier type code |
nc |
| Source |
rdacarrier |
| 500 ## - GENERAL NOTE |
| General note |
Editors: A. A. Andreev, D. A. Kopaneva, S. E. Kostikov, E. P. Pischurnikova, M. E. Rezvan, T. A. Slesarev, V. A. Shorokhov, O. M. Yastrebova. |
| 653 ## - INDEX TERM--UNCONTROLLED |
| Uncontrolled term |
Diplomatic documents, Persian—Safavid period, 1629-1642 |
|
| Uncontrolled term |
Iran—History—Safavid period |
| 700 1# - ADDED ENTRY--PERSONAL NAME |
| Personal name |
Andreev, A., |
| Fuller form of name |
(Anatoliĭ) |
| 9 (RLIN) |
118627 |
| 942 ## - ADDED ENTRY ELEMENTS (KOHA) |
| Source of classification or shelving scheme |
Library of Congress Classification |
| Koha item type |
Book |